000 00194nam a22000977a 4500
999 _c16241
_d16241
003 OSt
008 200625b ||||| |||| 00| 0 eng d
100 _aM.T
_94641
245 _aNalukett
942 _cBK